| 000 | 01372cam a22002895a 4500 | ||
|---|---|---|---|
| 999 |
_c14290 _d14290 |
||
| 003 | EG- ScBUE | ||
| 005 | 20200119134616.0 | ||
| 008 | 100629s1978 le a f b 000 0 ara d | ||
| 040 |
_aEG- ScBUE _bara _erda _cEG- ScBUE _dEG- ScBUE |
||
| 082 | 0 | 4 |
_a332.409174927 _bح ل ا _222 |
| 100 | 1 |
_aحلاق، حسان، _d1946- _eمؤلف. _915453 |
|
| 245 | 1 | 0 |
_aتعريب النقود والدواوين في العصر الأموي / _cحسان علي حلاق، دبلوم عال في الدراسات العربية والإسلامية، ماجستير في التاريخ. |
| 250 | _aالطبعة الأولى. | ||
| 264 | 1 |
_aبيروت، لبنان : _bدار الكتاب اللبناني ؛ _aالقاهرة : _bدار الكتاب المصري، _c1978. |
|
| 300 |
_a173 صفحة : _bإيضاحيات ؛ _c24 سم |
||
| 336 |
_2rdacontent _aنص _btxt |
||
| 337 |
_2rdamedia _aبدون وسيط _bn |
||
| 338 |
_2rdacarrier _aمجلد _bnc |
||
| 504 | _aيشتمل على إرجاعات ببليوجرافية. | ||
| 541 |
_aالف باء ، _cشراء ؛ |
||
| 590 | _aAbdullah samir | ||
| 650 | 7 |
_aالنقود العربية _xتاريخ _yالعصر الأموي. _2BUEsh _915467 |
|
| 650 | 7 |
_aالنقود الإسلامية _xتاريخ _yالعصر الأموي. _2BUEsh _915468 |
|
| 653 |
_bGGEN _cJanuary2020 |
||
| 655 | _vReading book | ||
| 942 |
_2ddc _cBB |
||